000
00295nam a22001337a 4500
008
190306b xxu||||| |||| 00| 0 eng d
020
_a
0801832284
041
_a
eng
080
_a
316
100
_a
50
101
_a
SOC
245
_a
Illness and Self in Society
_c
Herzlich, C
942
_2
udc
_c
BK
999
_c
54621
_d
54621